Zmluva o dielo bakalárska práca

Guardado en:
Detalles Bibliográficos
Autor principal: Orosziová, Martina
Autor Corporativo: Obchodná fakulta EU. Katedra obchodného práva
Otros Autores: Borodovčák, Milan
Formato: Libro
Lenguaje:eslovaco
Publicado: Bratislava 2010
Etiquetas: Agregar Etiqueta
Sin Etiquetas, Sea el primero en etiquetar este registro!

MARC

LEADER 00000nam$a2200000$$$4500
001 0134942
005 20240320074651.9
041 0 |a slo 
044 |a SK 
245 1 0 |a Zmluva o dielo  |b bakalárska práca  |c Martina Orosziová ; školiteľ: Milan Borodovčák 
264 1 |a Bratislava  |c 2010 
300 |a 59 s. 
100 1 |a Orosziová, Martina 
700 1 |a Borodovčák, Milan 
710 2 |a Obchodná fakulta EU. Katedra obchodného práva